|
|
|
|
| LEADER |
00000nab a2200000 a 4500 |
| 001 |
vtls000817450 |
| 003 |
SK-MaSNL |
| 005 |
20260303193232.0 |
| 008 |
140423c2002 xo 0 slo |
| 015 |
|
|
|a SNBRB2002/12-40098
|
| 035 |
|
|
|a CLN000169105
|
| 040 |
|
|
|a SNKBUCL
|b slo
|c SNKBUCL
|e AACR2
|
| 041 |
0 |
|
|a slo
|
| 044 |
|
|
|a xo
|c SK
|
| 080 |
|
|
|a 82.09:894.511 (437.6)-3(048)
|2 1997
|
| 080 |
|
|
|a 894.511 (437.6)-3(048)
|2 1997
|
| 100 |
1 |
|
|a Drastich, Miloš,
|d 1951-2017
|4 aut
|9 234069
|
| 245 |
1 |
0 |
|a Keď švihne bič úsmevu
|c Miloš Drastich
|
| 300 |
|
|
|b Fotogr.
|
| 650 |
0 |
7 |
|a romány spoločenské maďarské
|x recenzie
|2 snkbucl
|9 840274
|
| 655 |
|
7 |
|a články z novín a časopisov
|2 snkbucl
|9 267496
|
| 773 |
0 |
|
|t Literárny týždenník
|g Roč. 15, č. 43 (2002), s. 10
|x 0862-5999
|
| 787 |
0 |
8 |
|i Rec.:
|a Grendel, Lajos, 1948-
|t U nás v New Honte
|d Bratislava : Kalligram, 2002
|
| 850 |
|
|
|a Slovenská národná knižnica v Martine
|
| 852 |
|
|
|a SNK
|b KIS3GCP
|
| 958 |
|
|
|a LX
|
| 958 |
|
|
|a RC
|
| 958 |
|
|
|a HU
|
| 992 |
|
|
|a RBX
|
| 999 |
|
|
|c 2151221
|d 2153151
|